000 00435nam a2200205Ia 4500
001 12705
003 GE_BSU
008 181216s||||||||xx |||||||||||||| ||und||
020 _a978000742280
040 _cGE_BSU
080 _a821.111-32.1
100 _aKerley,J.A.
245 _aLittle Girls Lost
260 _aLondon
260 _bHarper
260 _c2009
300 _a436p.20cm.
653 _aLittle Girls Lost
942 _cBK
999 _c45876
_d45876